|
|
|
|
| LEADER |
00000cam a2200000 7i4500 |
| 001 |
0000128400 |
| 005 |
20181009.0 |
| 008 |
181009s2018 ausa n 0 d eng |
| 040 |
|
|
|a PERPUSTAM
|b eng
|c PERPUSTAM
|e rda
|
| 090 |
0 |
0 |
|a 791.4372
|b REA
|
| 245 |
1 |
0 |
|a Ready player one
|
| 246 |
1 |
|
|a Ready player 1 [DVD]
|
| 246 |
1 |
|
|a Ready player one (Motion picture)
|
| 264 |
|
1 |
|a Australia : Distributed by Roadshow Entertainment, [2018]
|
| 300 |
|
|
|a 1 videodisc (DVD) (134 minutes) : sound, colour ; 12 cm.
|
| 336 |
|
|
|a two-dimensional moving image
|2 rdacontent
|
| 337 |
|
|
|a unmediated
|2 rdamedia
|
| 338 |
|
|
|a videodisc
|2 rdacarrier
|
| 650 |
1 |
0 |
|a Video recordings for people with visual disabilities
|
| 650 |
2 |
0 |
|a Easter eggs (Computer programs)
|
| 650 |
2 |
0 |
|a Easter eggs (Computer programs) -- Drama
|
| 650 |
2 |
0 |
|a Treasure troves
|
| 650 |
2 |
0 |
|a Treasure troves -- Drama
|
| 650 |
2 |
0 |
|a Video recordings for the hearing impaired
|
| 650 |
2 |
0 |
|a Virtual reality
|
| 650 |
2 |
0 |
|a Virtual reality -- Drama
|
| 700 |
1 |
|
|a Cline, Ernest, (screenwriter.)
|
| 700 |
1 |
|
|a Cooke, Olivia, 1993-, (actor.)
|
| 700 |
1 |
|
|a De Line, Donald, (film producer.)
|
| 700 |
1 |
|
|a Mendelsohn, Ben, (actor.)
|
| 700 |
1 |
|
|a Penn, Zak, 1968-, (screenwriter.)
|
| 700 |
1 |
|
|a Roadshow Entertainment (Firm : Australia), (film distributor.)
|
| 700 |
1 |
|
|a Sheridan, Tye, 1996-, (actor.)
|
| 700 |
1 |
|
|a Spielberg, Steven, 1946-, (film director,)
|
| 999 |
|
|
|a 0000509517
|b Digital Video Disc (DVD)
|c Koleksi Media
|e Perbadanan Perpustakaan Awam Melaka
|